How to write first-class memos : the handbook for practical memo writing (Record no. 4881)

000 -LEADER
fixed length control field 00516 a2200157 4500
020 ## - INTERNATIONAL STANDARD BOOK NUMBER
International Standard Book Number 8185617651
082 ## - DEWEY DECIMAL CLASSIFICATION NUMBER
Classification number 808.042 BAU
090 ## - LOCALLY ASSIGNED LC-TYPE CALL NUMBER (OCLC); LOCAL CALL NUMBER (RLIN)
-- 913
-- 913
100 ## - MAIN ENTRY--PERSONAL NAME
Personal name Baugh, L. Sue.
245 ## - TITLE STATEMENT
Title How to write first-class memos : the handbook for practical memo writing
Statement of responsibility, etc. L. Sue. Baugh,
260 ## - PUBLICATION, DISTRIBUTION, ETC.
Place of publication, distribution, etc. New Delhi:
Name of publisher, distributor, etc. Viva Books Pvt. Ltd.,
Date of publication, distribution, etc. 1998.
300 ## - PHYSICAL DESCRIPTION
Extent vii, 216 p. ;
Dimensions 23 cm.
500 ## - GENERAL NOTE
General note Includes Index
650 ## - SUBJECT ADDED ENTRY--TOPICAL TERM
Topical term or geographic name entry element Business writing. 2.Memorandums.3.English language --Business English.
942 ## - ADDED ENTRY ELEMENTS (KOHA)
Koha item type Book
Call number prefix 808.042 BAU
Holdings
Withdrawn status Lost status Damaged status Not for loan Collection code Permanent Location Current Location Shelving location Date acquired Total Checkouts Full call number Barcode Date last seen Date last checked out Price effective from Koha item type
          NUST Law School (NLS) NUST Law School (NLS) General Stacks 06/11/2001 2 808.042 BAU SEECS000908 11/23/2020 11/12/2020 01/05/2017 Book
© 2023 Central Library, National University of Sciences and Technology. All Rights Reserved.